| 000 | 01329cam a22003614i 4500 | ||
|---|---|---|---|
| 003 | PE-LiUPU | ||
| 005 | 20250731183331.0 | ||
| 008 | 150617s r 000 0 d | ||
| 035 | _a(Sirsi) a14715 | ||
| 040 |
_aPE-LiUPU _bspa _cPE-LiUPU _erda |
||
| 049 | _aPRUA | ||
| 082 | 0 | 4 |
_a750 _bL863o _221 |
| 100 | 1 |
_aLoomis, Andrew, _eautor. |
|
| 245 | 1 | 3 |
_aEl ojo del pintor y los elementos de la belleza / _cAndrew Loomis. |
| 264 | 1 |
_aBuenos Aires : _bHachette, _c1962. |
|
| 300 |
_a144 páginas : _bilustraciones ; _c31 cm. |
||
| 336 |
_atext _2rdacontent |
||
| 337 |
_aunmediated _2rdamedia |
||
| 338 |
_avolume _2rdacarrier |
||
| 505 | 0 | _aViendo con el ojo del pintor. -¿Que voy a pintar?. -La unidad. -La simplicidad y como lograrla. -La composición. -La proporción. -El color. -El ritmo. -La forma. -La textura. -Los valores de la luz. -la belleza del tema. -La técnica. | |
| 526 | _aP158 | ||
| 526 | _aP146 | ||
| 526 | _aP17 | ||
| 526 | _aP12 | ||
| 526 | _aP06 | ||
| 650 | 1 | 4 |
_aPintura _xEnseñanza. _95011 |
| 650 | 1 | 4 |
_aPintura _xTécnica. _95012 |
| 910 | _ajck | ||
| 942 |
_2ddc _cBK |
||
| 949 |
_a750 _wDEWEY _c1 _i05256 _lCCODEBUL1 _mBUL _p00.00 _r0 _sY _tBOOK _u2015-04-21 _xEDUCACION _zUNKNOWN _0COMPRA _o.STAFF. Colección General |
||
| 980 |
_81 _gALBERTO SANCHEZ Responsable de Automatización |
||
| 999 |
_c5223 _d5223 |
||